000 00710nam a22002177a 4500
003 DO-SdBNP
005 20171201095144.0
008 171117b 1992 mx A ||||| |||| 00| 0 spa d
020 _a9681625447
040 _aBPMSU
_bspa
_cBPMSU
092 _axxxx
_bxxxx
100 1 _aRuiz Mejía, Carlos
245 1 0 _aTrampas de luz /
_cCarlos Ruiz Mejía.
260 _aMéxico :
_bSecretaría de Educación Pública : Consejo Nacional de Ciencia y Tecnología : Fondo de Cultura Económica,
_c1992.
300 _a204 p. :
_bil. ;
_c21 cm.
490 1 _aCiencia para todos
_v27
830 0 _aCiencia para todos
_v27
942 _2ddc
_cBK
945 _aIventariado 2017/ LP
956 _aLOPEREZ
_b10
_c20171117
999 _c12938
_d12938